| 000 | 00613nam a2200217 i 4500 | ||
|---|---|---|---|
| 001 | bg | ||
| 245 | 0 |
_aElektronische Zündung / _cAutodata.T.2. |
|
| 254 | _a2301-2 | ||
| 260 |
_aBerkshire : _bAutodata, _c1994. |
||
| 300 |
_a672 s. : _brys. ; _c30 cm. |
||
| 490 | 1 | _aGemischaufbereitung und Zündung / 2 | |
| 650 | 9 | _asamochody osobowe europejskie | |
| 650 | 9 | _asamochody osobowe japońskie | |
| 650 | 9 | _azapłon elektroniczny | |
| 830 | 0 | _aGemischaufbereitung und Zündung (2) | |
| 040 | _cBPK | ||
| 041 | _ade | ||
| 080 | _a629.114:621.43 | ||
| 942 | _cKA | ||
| 008 | s pl f |000 0 pol | ||
| 999 |
_c24147 _d24147 |
||
| 856 |
_uhttp://koha.tu.koszalin.pl/cgi-bin/koha/opac-detail.pl?biblionumber=24147 _yKatalog online BPK |
||